000 01421nam0a22003251 4500
001 rc\4042552
005 20260422133519.0
021 _aRU
_b[47-17690]
035 _a(NLR Aleph) 008100382
090 _a9240318
_c9240318
100 _a20130415d1947 u y0rusy50 ca
101 0 _arus
102 _aRU
105 _aab z |||||
200 1 _aКрымские аборигенные сорта винограда
_f[Предисл. И. Промтова, с. 5-6]
_gМВП СССР. Главвино. Всесоюз. науч.-исслед. ин-т виноделия и виноградарства "Магарач"
210 _aСимферополь
_cИзд-во и тип. Крымиздата
_d1947
215 _a79 с., 10 л. ил., карт.
_d20
300 _aНа обл. загл.: Крымские сорта винограда
300 _aПеред загл. авт.: А.А. Иванов
320 _aБиблиогр.: с. 77 (14 назв.)
512 0 _aКрымские сорта винограда
606 _aВиноградная лоза
_xСорта
_yКрым
_2psbo
700 1 _aИванов
_bА. А.
_cвинодел
_f1870-1946
_gАлександр Александрович
_3RU\NLR\AUTH\770292670
702 1 _aПромтов
_bИ.
_4080
801 0 _aRU
_bNLR
_gpsbo
801 1 _aRU
_bELAR
_2rusmarc
852 _aNLR
_jС40 Г-4/404
942 _cBOOK
980 _aNB